[Event "IECC M email"]
[Site "IECC email"]
[Date "2000.02.05"]
[Round "?"]
[White "Ralls, Richard Nelson"]
[Black "Peltier, John"]
[Result "0-1"]
[WhiteElo "2164"]
[BlackElo "2150"]
[PlyCount "56"]
[EventDate "2000.??.??"]
[EventType "tourn (corr)"]
[EventRounds "2"]
[SourceTitle "Corr 2008"]
[Source "ChessBase"]
[SourceDate "2008.06.24"]
[SourceVersion "1"]
[SourceVersionDate "2008.06.24"]
[SourceQuality "1"]

1. e4 c5 2. Nf3 e6 3. d4 cxd4 4. Nxd4 a6 5. Nc3 Nc6 6. Be3 Nf6 7. Bd3 d5 8. exd5 exd5 9. 0-0 Bd6 10. h3 0-0 11. Re1 Re8 12. Nxc6 bxc6 13. Bd4 Rxe1+ 14. Qxe1 Nd7 15. Qe2 c5 16. Be3 Bb7 17. Rd1 Nf6 18. Qf3 Qc7 19. Bg5 d4 20. Ne4 Nxe4 21. Bxe4 Rb8 22. b3 Bxe4 23. Qxe4 Be5 24. Re1 f6 25. Qd5+ Kh8 26. Bd2 Bh2+ 27. Kh1 Be5 28. Qe6 Qd6 0-1

[Event "IECC M email"]
[Site "IECC email"]
[Date "1998.10.01"]
[Round "?"]
[White "Six, Stefaan"]
[Black "Peltier, John"]
[Result "1/2-1/2"]
[WhiteElo "1964"]
[BlackElo "2163"]
[PlyCount "105"]
[EventDate "1998.??.??"]
[EventType "tourn (corr)"]
[EventRounds "12"]
[SourceTitle "Corr 2008"]
[Source "ChessBase"]
[SourceDate "2008.06.24"]
[SourceVersion "1"]
[SourceVersionDate "2008.06.24"]
[SourceQuality "1"]

1. e4 e5 2. Nf3 Nf6 3. Nc3 Nc6 4. d4 exd4 5. Nd5 h6 6. Nxd4 Bc5 7. Nb5 0-0 8. Nbxc7 Nxe4 9. Be3 Bxe3 10. fxe3 Rb8 11. Qf3 f5 12. Bc4 Ne5 13. Qf1 Qh4+ 14. g3 Nxg3 15. hxg3 Qxc4 16. Qxc4 Nxc4 17. Rh4 Ne5 18. Rf4 Nc6 19. Rd1 b5 20. e4 fxe4 21. Rxe4 b4 22. Ne7+ Nxe7 23. Rxe7 Rb7 24. Nd5 a5 25. Nf4 Rb6 26. Rd5 Rc6 27. Kd2 Ra6 28. a3 bxa3 29. bxa3 g5 30. Nd3 d6 31. Rb5 Ra8 32. Rb6 Rf6 33. c4 Ra6 34. Rb5 Bf5 35. Rb8+ Rf8 36. Rbb7 Rc6 37. g4 Bxd3 38. Kxd3 Rf3+ 39. Ke2 Rf4 40. Rg7+ Kf8 41. Rh7 Kg8 42. Rbg7+ Kf8 43. Ra7 Kg8 44. Rhg7+ Kf8 45. Rgd7 Kg8 46. Ra8+ Rf8 47. Rxa5 Rxc4 48. Raa7 Re8+ 49. Kd3 Rxg4 50. Rg7+ Kh8 51. Rh7+ Kg8 52. Rhg7+ Kh8 53. Rh7+ 1/2-1/2

[Event "IECC M email"]
[Site "IECC email"]
[Date "1998.05.09"]
[Round "?"]
[White "Peltier, John"]
[Black "Lentes, Hans Peter"]
[Result "1/2-1/2"]
[WhiteElo "2168"]
[BlackElo "2089"]
[PlyCount "71"]
[EventDate "1998.??.??"]
[EventType "tourn (corr)"]
[EventRounds "12"]
[SourceTitle "Corr 2008"]
[Source "ChessBase"]
[SourceDate "2008.06.24"]
[SourceVersion "1"]
[SourceVersionDate "2008.06.24"]
[SourceQuality "1"]

1. d4 Nf6 2. c4 e6 3. Nf3 b6 4. a3 Ba6 5. Qc2 Bb7 6. Nc3 c5 7. e4 cxd4 8. Nxd4 Nc6 9. Nxc6 Bxc6 10. Bf4 Bc5 11. Be2 0-0 12. Rd1 a5 13. 0-0 Qe7 14. e5 Nh5 15. Bxh5 Qh4 16. Bg3 Qxh5 17. Na4 Rab8 18. Nxc5 bxc5 19. f3 a4 20. Qe2 Rb3 21. Bf2 Rfb8 22. Rd2 Rc8 23. Bxc5 Bxf3 24. Rxf3 Rxf3 25. Qxf3 Qxf3 26. gxf3 Rxc5 27. Rxd7 g5 28. Rd4 Rxe5 29. Kf2 Kg7 30. Rd2 Kf6 31. Rc2 Rc5 32. Ke3 Ke5 33. Kd3 Kf4 34. Kc3 Kxf3 35. Kb4 Rc8 36. c5 1/2-1/2